University Home | Library Home | Institutional Repository

Marine demospongiae of Mahe Island in the seychelles Bank (Indian ocean). (Record no. 84118)

MARC details
000 -LEADER
fixed length control field 01193cam3a220022900 4500
001 - CONTROL NUMBER
control field tmp15392863
003 - CONTROL NUMBER IDENTIFIER
control field UPRA
005 - DATE AND TIME OF LATEST TRANSACTION
control field 20190816095234.0
008 - FIXED-LENGTH DATA ELEMENTS--GENERAL INFORMATION
fixed length control field 950803s1973 be eng u
035 ## - SYSTEM CONTROL NUMBER
System control number (Sirsi) r38730
035 ## - SYSTEM CONTROL NUMBER
System control number (UPRA)tmp15392863
040 ## - CATALOGING SOURCE
Transcribing agency UPRA
100 1# - MAIN ENTRY--PERSONAL NAME
Personal name Thomas, P. A.
Linkage A100163.1
245 10 - TITLE STATEMENT
Title Marine demospongiae of Mahe Island in the seychelles Bank (Indian ocean).
260 ## - PUBLICATION, DISTRIBUTION, ETC.
Place of publication, distribution, etc. Tervuren,
Date of publication, distribution, etc. 1973.
490 1# - SERIES STATEMENT
Series statement Musee Royal de l'Afrique Centrale (Tervuren, Belgique). Annales. Ser. in-8, Sciences zoologiques ;
Volume/sequential designation no. 203
504 ## - BIBLIOGRAPHY, ETC. NOTE
Bibliography, etc. note Bibliography: p. 91-96.
650 #0 - SUBJECT ADDED ENTRY--TOPICAL TERM
Topical term or geographic name entry element Sponges -- Mahe Island (Seychelles) -- Anatomy.
Geographic subdivision Sponges -- Mahe Island (Seychelles) -- Anatomy.
General subdivision Sponges -- Mahe Island (Seychelles) -- Anatomy.
Linkage S72142.1
810 2# - SERIES ADDED ENTRY--CORPORATE NAME
Corporate name or jurisdiction name as entry element Musee royal de l'Afrique centrale. Annales. Ser. in-8 , Sciences zoologique ;
Title of a work Musee royal de l'Afrique centrale. Annales. Ser. in-8 , Sciences zoologique ;
Number of part/section/meeting Musee royal de l'Afrique centrale. Annales. Ser. in-8 , Sciences zoologique ;
Name of part/section of a work Musee royal de l'Afrique centrale. Annales. Ser. in-8 , Sciences zoologique ;
Volume/sequential designation no. 203.
Linkage S16103.1
949 ## - LOCAL PROCESSING INFORMATION (OCLC)
a DT641.M8
w lcc
i -46376
m MAIN
t BOOK
l ON-SHELF

No items available.

© 2026 - The University of Zambia Library - Koha v25.11